| 000 | 00509cam a2200205ua 4500 | ||
|---|---|---|---|
| 020 | _c38.00 | ||
| 041 |
_aeng _h |
||
| 082 |
_a532 _bNAT/PR |
||
| 100 | _aNatarajan, M K . | ||
| 245 |
_aPrinciples of fluid mechanics / _cM K Natarajan. _hTextual Documents |
||
| 250 |
_a1 / _b. |
||
| 260 |
_aNew Delhi : _bOxford & IBH Publishing company , _c1984. |
||
| 300 | _a440 ; . | ||
| 365 | _a38.00 | ||
| 504 | _a | ||
| 942 | _cBK | ||
| 999 |
_c7365 _d7365 |
||